[Event "Rated Blitz game"]
[Site "?"]
[Date "2021.04.13"]
[Round "?"]
[White "Tim1991"]
[Black "Erow"]
[Result "0-1"]
[WhiteElo "2526"]
[BlackElo "2675"]
[PlyCount "96"]
[EventDate "2021.??.??"]
[EventType "blitz"]

1. e4 e5 2. Nf3 d5 3. exd5 e4 4. Qe2 Nf6 5. d3 Bb4+ 6. c3 O-O 7. dxe4 Bc5 8.
Be3 Bxe3 9. Qxe3 Nxe4 10. Qxe4 Re8 11. Ne5 Nd7 12. f4 f6 13. Bd3 g6 14. O-O
fxe5 15. fxe5 Nxe5 16. Qd4 Nxd3 17. Qxd3 Bf5 18. Qd2 Re5 19. c4 Qe7 20. Nc3
Qc5+ 21. Qf2 Qxc4 22. Rae1 Rae8 23. Rxe5 Rxe5 24. Re1 Rxe1+ 25. Qxe1 Kf7 26.
Qe3 b6 27. h3 a5 28. Kh2 Qb4 29. b3 Qd6+ 30. Qg3 Ke7 31. Qxd6+ Kxd6 32. Kg3 Bd3
33. Kf3 h6 34. h4 b5 35. Ke3 Bf1 36. Kf2 b4 37. Ne4+ Kxd5 38. Nf6+ Ke6 39. Ng4
h5 40. Ne3 Bd3 41. Ke1 Bb1 42. Kd2 Be4 43. g3 Bd5 44. Kd3 c5 45. Kd2 Kd6 46.
Kd3 Kc6 47. Kd2 a4 48. Kc2 axb3+ {Time forfeit} 0-1

[Event "Rated Blitz game"]
[Site "?"]
[Date "2021.04.13"]
[Round "?"]
[White "Knightrouble"]
[Black "annaly1979"]
[Result "0-1"]
[WhiteElo "2244"]
[BlackElo "2401"]
[PlyCount "62"]
[EventDate "2021.??.??"]
[EventType "blitz"]

1. e4 e5 2. Nf3 d5 3. Nxe5 Qe7 4. d4 f6 5. Qh5+ g6 6. Nxg6 Qxe4+ 7. Be2 Qxg6 8.
Qxd5 Ne7 9. Qb3 Nbc6 10. Be3 Bf5 11. Nd2 O-O-O 12. c3 Nd5 13. O-O Nxe3 14. fxe3
Bh6 15. Nf3 Bxe3+ 16. Kh1 Be4 17. Nh4 Qh6 18. Qe6+ Kb8 19. Qxe4 Rhe8 20. Qg4
Bxd4 21. cxd4 Rxe2 22. Qxe2 Qxh4 23. Rad1 a6 24. d5 Ne5 25. Qf2 Qh5 26. Qxf6
Re8 27. Rde1 Ka7 28. Rf5 Ng4 29. Qd4+ b6 30. Rxh5 Rxe1+ 31. Qg1 Nf2# {Normal}
0-1

[Event "Rated Blitz game"]
[Site "?"]
[Date "2021.04.13"]
[Round "?"]
[White "Iva_Videnova"]
[Black "DonCroccante"]
[Result "1-0"]
[WhiteElo "2419"]
[BlackElo "2347"]
[PlyCount "59"]
[EventDate "2021.??.??"]
[EventType "blitz"]

1. e4 e5 2. Nf3 d5 3. exd5 e4 4. Qe2 Nf6 5. d3 Qxd5 6. Nbd2 Qa5 7. c3 Be7 8.
Nxe4 O-O 9. Qc2 Nd5 10. Be2 f5 11. Ng3 f4 12. Ne4 Bf5 13. O-O Nc6 14. Qb3 Rab8
15. Bxf4 Rbe8 16. Bxc7 Qxc7 17. Qxd5+ Kh8 18. Ng3 Bg6 19. Rae1 Bd6 20. d4 Ne7
21. Qb3 Nf5 22. Bb5 Rxe1 23. Rxe1 Nxg3 24. hxg3 Bxg3 25. fxg3 Qxg3 26. Rf1 Be4
27. Be2 g5 28. Qb5 g4 29. Qe5+ Qxe5 30. Nxe5 {Time forfeit} 1-0

[Event "Rated Blitz game"]
[Site "?"]
[Date "2021.04.13"]
[Round "?"]
[White "arielofek"]
[Black "jsequera"]
[Result "1-0"]
[WhiteElo "2406"]
[BlackElo "2492"]
[PlyCount "77"]
[EventDate "2021.??.??"]
[EventType "blitz"]

1. e4 e5 2. Nf3 d5 3. exd5 e4 4. Qe2 f5 5. Nc3 Nf6 6. Ne5 Bd6 7. d4 O-O 8. Qc4
Nbd7 9. Bf4 Re8 10. Be2 Nxe5 11. dxe5 Bxe5 12. Bxe5 Rxe5 13. d6+ Be6 14. dxc7
Qe8 15. Qd4 Bf7 16. O-O-O Rc8 17. Qd8 Re7 18. Bb5 Qf8 19. Qxc8 Qxc8 20. Rd8+
Re8 21. Rxc8 Rxc8 22. Rd1 Be6 23. Rd8+ Kf7 24. Rxc8 Bxc8 25. Bc4+ Ke7 26. Nb5
a6 27. Na7 Kd7 28. Be6+ Kxe6 29. Nxc8 Kd7 30. Nd6 Kxc7 31. Nxf5 g6 32. Ne3 Kd6
33. Kd2 b5 34. Kc3 Kc5 35. b4+ Kd6 36. Kd4 h5 37. h3 h4 38. a3 Ke6 39. Ng4 {
Time forfeit} 1-0

[Event "Rated Blitz game"]
[Site "?"]
[Date "2021.04.13"]
[Round "?"]
[White "durasno"]
[Black "DonCroccante"]
[Result "1-0"]
[WhiteElo "2519"]
[BlackElo "2366"]
[PlyCount "59"]
[EventDate "2021.??.??"]
[EventType "blitz"]

1. e4 e5 2. Nf3 d5 3. Nxe5 Bd6 4. d4 dxe4 5. Nc4 Nf6 6. Be2 Nc6 7. O-O Nxd4 8.
Nxd6+ Qxd6 9. Nc3 Bf5 10. Be3 Nxe2+ 11. Qxe2 O-O 12. Rad1 Qc6 13. h3 Rfe8 14.
Bg5 Rad8 15. Rxd8 Rxd8 16. Rd1 Re8 17. Qb5 Bd7 18. Qa5 a6 19. Bxf6 gxf6 20. Nd5
Re5 21. c4 Kg7 22. b3 b5 23. Ne3 Be6 24. Qd2 bxc4 25. bxc4 Bxc4 26. Ng4 Rg5 27.
Rc1 Qe6 28. Qf4 c6 29. Rxc4 Rxg4 30. hxg4 {Time forfeit} 1-0

[Event "Rated Blitz game"]
[Site "?"]
[Date "2021.04.13"]
[Round "?"]
[White "Simon2049"]
[Black "DonCroccante"]
[Result "1-0"]
[WhiteElo "2463"]
[BlackElo "2350"]
[PlyCount "79"]
[EventDate "2021.??.??"]
[EventType "blitz"]

1. e4 e5 2. Nf3 d5 3. d3 dxe4 4. dxe4 Qxd1+ 5. Kxd1 Bg4 6. Bd3 Nc6 7. Be3 O-O-O
8. Nbd2 f6 9. h3 Be6 10. Ke2 a6 11. Rhd1 Nb4 12. a3 Nxd3 13. cxd3 g5 14. Rac1
Bd6 15. Nc4 Kb8 16. b4 Ne7 17. Rc3 h5 18. Nxd6 cxd6 19. Rdc1 g4 20. Ng1 d5 21.
Bb6 Rd7 22. R3c2 Rc8 23. Rxc8+ Nxc8 24. Bc5 d4 25. Bf8 Nb6 26. Bh6 f5 27. hxg4
hxg4 28. exf5 Bxf5 29. Rc5 Nd5 30. Kd2 b6 31. Rc6 Kb7 32. Rc4 b5 33. Rc5 e4 34.
dxe4 Bxe4 35. f3 gxf3 36. Nxf3 Bxf3 37. gxf3 Nc3 38. Kd3 Nb1 39. Bc1 Nc3 40.
Bb2 {Time forfeit} 1-0

[Event "Rated Blitz game"]
[Site "?"]
[Date "2021.04.13"]
[Round "?"]
[White "DefinitelyNotWashed"]
[Black "Chessbear_163"]
[Result "1/2-1/2"]
[WhiteElo "2432"]
[BlackElo "2283"]
[PlyCount "114"]
[EventDate "2021.??.??"]
[EventType "blitz"]

1. e4 e5 2. Nf3 d5 3. Nxe5 Bd6 4. d4 dxe4 5. Nc3 Bxe5 6. dxe5 Qxd1+ 7. Kxd1 Bf5
8. Nd5 Na6 9. Bxa6 O-O-O 10. c4 c6 11. Ke2 cxd5 12. Bb5 d4 13. Bg5 f6 14. exf6
Nxf6 15. Bxf6 gxf6 16. c5 a6 17. Bc4 Rhe8 18. Rhe1 Re5 19. b4 Kb8 20. Rad1 Bg4+
21. f3 exf3+ 22. Kf2 fxg2 23. Rc1 Bh3 24. Kg3 Bf5 25. Kxg2 d3 26. Rxe5 fxe5 27.
Rf1 d2 28. Bb3 Bg4 29. Bd1 Be6 30. a3 Rg8+ 31. Kf2 Rf8+ 32. Kg1 Rg8+ 33. Kf2
Bh3 34. Rg1 Rxg1 35. Kxg1 Kc7 36. Kf2 Kc6 37. Ke3 Kd5 38. Bb3+ Kc6 39. Kxd2 a5
40. Ke3 axb4 41. axb4 b6 42. cxb6 Kxb6 43. Bc4 Bf5 44. Bd3 Bxd3 45. Kxd3 Kb5
46. Ke4 Kxb4 47. Kxe5 Kc5 48. h4 Kc6 49. h5 Kd7 50. Kf6 Ke8 51. Kg7 Ke7 52. h6
Ke8 53. Kg8 Ke7 54. Kg7 Ke8 55. Kxh7 Kf7 56. Kh8 Kf8 57. h7 Kf7 {Normal}
1/2-1/2

[Event "Rated Blitz game"]
[Site "?"]
[Date "2021.04.13"]
[Round "?"]
[White "Crushingking"]
[Black "annaly1979"]
[Result "0-1"]
[WhiteElo "2297"]
[BlackElo "2404"]
[PlyCount "140"]
[EventDate "2021.??.??"]
[EventType "blitz"]

1. e4 e5 2. Nf3 d5 3. Nxe5 Qe7 4. Nf3 dxe4 5. Nd4 f5 6. Nc3 Nf6 7. d3 exd3+ 8.
Be2 dxe2 9. Ndxe2 Nc6 10. O-O Be6 11. Re1 Rd8 12. Bd2 Qd6 13. Nc1 Kf7 14. Nd3
g6 15. h3 Bg7 16. Qf3 a6 17. Rad1 Rhe8 18. Bf4 Qe7 19. Ne5+ Nxe5 20. Bxe5 Rxd1
21. Rxd1 c6 22. Bd6 Qd8 23. Be5 Qc8 24. a4 Bd5 25. Nxd5 Rxe5 26. Nc3 Qe8 27. g3
Re1+ 28. Kg2 Rxd1 29. Qxd1 Ne4 30. Nxe4 Qxe4+ 31. Kg1 Bxb2 32. Qd7+ Qe7 33. Qd3
Be5 34. Qb3+ Kg7 35. h4 b5 36. h5 Qc5 37. hxg6 hxg6 38. axb5 axb5 39. Qd3 Qd5
40. Qa3 Kf6 41. Qa8 Bd6 42. Qh8+ Ke6 43. Qe8+ Be7 44. Qxg6+ Kd7 45. Qg7 Qd1+
46. Kg2 Qxc2 47. Qd4+ Kc7 48. Qa7+ Kd6 49. Qd4+ Ke6 50. Qg7 b4 51. Qg6+ Kd7 52.
g4 Qe4+ 53. Kf1 Qxg4 54. Qf7 Qe4 55. Qb3 Bc5 56. Kg1 Qd4 57. Qf7+ Kc8 58. Qxf5+
Kb7 59. Kg2 Qxf2+ 60. Qxf2 Bxf2 61. Kxf2 b3 62. Kf3 c5 63. Ke4 c4 64. Ke5 c3
65. Kd5 c2 66. Kc4 c1=Q+ 67. Kb4 b2 68. Ka3 b1=Q+ 69. Ka4 Qc4+ 70. Ka5 Qbb5# {
Normal} 0-1

[Event "Rated Blitz game"]
[Site "?"]
[Date "2021.04.13"]
[Round "?"]
[White "HBsen"]
[Black "Chessbear_163"]
[Result "1/2-1/2"]
[WhiteElo "2407"]
[BlackElo "2289"]
[PlyCount "104"]
[EventDate "2021.??.??"]
[EventType "blitz"]

1. e4 e5 2. Nf3 d5 3. Nxe5 Bd6 4. d4 dxe4 5. Nc4 Nc6 6. c3 Nf6 7. Bg5 O-O 8.
Nbd2 Bf5 9. Ne3 Bg6 10. Bc4 h6 11. Bh4 Be7 12. O-O Kh8 13. Re1 Nd7 14. Bxe7
Qxe7 15. Nd5 Qd8 16. Nxe4 Qh4 17. Ng3 Nde5 18. Bb5 Ng4 19. h3 Nf6 20. Nxf6 Qxf6
21. Bxc6 Qxc6 22. Qf3 Qxf3 23. gxf3 Rfe8 24. Kf1 Bd3+ 25. Kg2 Kg8 26. Ne4 f5
27. Nc5 Ba6 28. f4 Bb5 29. Re5 b6 30. Nb3 Bd7 31. Rae1 Kf7 32. Rxe8 Rxe8 33.
Rxe8 Kxe8 34. Kf3 Be6 35. Ke3 Bxb3 36. axb3 Kd7 37. h4 g6 38. d5 Kd6 39. Kd4 a5
40. c4 c5+ 41. dxc6 Kxc6 42. Kc3 Kc5 43. f3 h5 44. Kd3 Kb4 45. Kc2 b5 46. cxb5
Kxb5 47. Kc3 Kc5 48. Kd3 Kd5 49. Kc3 Kc5 50. Kd3 Kb4 51. Kc2 Kb5 52. Kc3 Kc5 {
Normal} 1/2-1/2

[Event "Rated Blitz game"]
[Site "?"]
[Date "2021.04.13"]
[Round "?"]
[White "H-Aryanejad"]
[Black "Azimi70"]
[Result "1-0"]
[WhiteElo "2414"]
[BlackElo "2273"]
[PlyCount "123"]
[EventDate "2021.??.??"]
[EventType "blitz"]

1. e4 e5 2. Nf3 d5 3. Nxe5 Bd6 4. d4 dxe4 5. Nc3 Bf5 6. Be2 Nf6 7. O-O O-O 8.
Bg5 h6 9. Bh4 Nc6 10. Nd5 Bxe5 11. dxe5 Qxd5 12. exf6 Qxd1 13. Rfxd1 g5 14. Bg3
Rac8 15. Bc4 Rfe8 16. c3 Be6 17. Bb5 Kh7 18. Bxc6 bxc6 19. Rd4 Kg6 20. Ra4 Kxf6
21. Rxa7 Kg6 22. Rxc7 Rxc7 23. Bxc7 Ra8 24. a4 Bc4 25. b4 Ra7 26. Be5 f5 27.
Bd4 Ra8 28. f3 Bd5 29. fxe4 fxe4 30. Kf2 Rf8+ 31. Ke3 Ra8 32. a5 h5 33. a6 g4
34. a7 Kf5 35. g3 Ke6 36. Rf1 Bc4 37. Rf6+ Kd7 38. Rf5 Bd5 39. Rxh5 c5 40. Bxc5
Ke6 41. Rg5 Rh8 42. Rxg4 Rxh2 43. Rxe4+ Bxe4 44. Kxe4 Ra2 45. b5 Kd7 46. g4
Ra4+ 47. Bd4 Ra5 48. c4 Ra4 49. Kd5 Ra2 50. g5 Kc7 51. g6 Kb7 52. g7 Rg2 53. c5
Rg5+ 54. Ke6 Rg6+ 55. Kf7 Rg4 56. c6+ Ka8 57. Bf6 Rxg7+ 58. Bxg7 Kxa7 59. Bd4+
Kb8 60. b6 Kc8 61. b7+ Kd8 62. b8=Q# {Normal} 1-0

[Event "Rated Blitz game"]
[Site "?"]
[Date "2021.04.13"]
[Round "?"]
[White "Chess_Russian"]
[Black "Dzon_Vejn"]
[Result "1-0"]
[WhiteElo "2284"]
[BlackElo "2443"]
[PlyCount "135"]
[EventDate "2021.??.??"]
[EventType "blitz"]

1. e4 e5 2. Nf3 d5 3. Nxe5 Bd6 4. d4 dxe4 5. Nc4 Be7 6. Nc3 Nf6 7. Be3 Bf5 8.
Be2 O-O 9. Qd2 Nc6 10. O-O-O Qd7 11. d5 Nb4 12. a3 Na6 13. Ne5 Qc8 14. Bxa6
bxa6 15. Nc6 Bd6 16. Bf4 Qd7 17. Bxd6 Qxd6 18. Qg5 Bg6 19. Rhe1 Rfe8 20. h4 h6
21. Qd2 Nd7 22. g4 Ne5 23. h5 Bh7 24. Nxe5 Rxe5 25. Qd4 Rae8 26. Qxa7 Qd7 27.
d6 Qxg4 28. d7 Rd8 29. Qxc7 Qg5+ 30. Kb1 Rc5 31. Qb6 Qe7 32. Nd5 Qf8 33. Rg1
Kh8 34. Nf6 e3 35. Nxh7 Kxh7 36. fxe3 Qe7 37. Rg3 Rxh5 38. Rdg1 g6 39. Rxg6 Rh2
40. Rg7+ Kh8 41. Rg8+ Rxg8 42. Rxg8+ Kxg8 43. d8=Q+ Qxd8 44. Qxd8+ Kg7 45. Qd4+
f6 46. Qd7+ Kg6 47. Qe8+ Kg5 48. Qg8+ Kf5 49. Qg1 Rh4 50. Qg3 Rg4 51. Qf3+ Kg5
52. e4 Rf4 53. Qg3+ Rg4 54. Qe3+ Kg6 55. c4 h5 56. c5 Kf7 57. c6 Rg8 58. c7 Rc8
59. Qc5 Ke6 60. Qf5+ Kd6 61. Qxc8 Ke5 62. Qe8+ Kf4 63. c8=Q h4 64. Qf5+ Ke3 65.
Qed7 Ke2 66. e5 h3 67. Qdd3+ Ke1 68. Qff1# {Normal} 1-0

[Event "Rated Blitz game"]
[Site "?"]
[Date "2021.04.13"]
[Round "?"]
[White "z2win"]
[Black "DonCroccante"]
[Result "0-1"]
[WhiteElo "2406"]
[BlackElo "2348"]
[PlyCount "46"]
[EventDate "2021.??.??"]
[EventType "blitz"]

1. e4 e5 2. Nf3 d5 3. d4 dxe4 4. Nxe5 Bd6 5. Nc4 Nf6 6. Be2 Nc6 7. c3 Bf5 8.
O-O h5 9. Bg5 Bxh2+ 10. Kh1 Bd6 11. Nbd2 Be7 12. Ne3 Bg6 13. Qb3 Rb8 14. Rae1
Ng4 15. Bxe7 Qxe7 16. g3 Nxe3 17. fxe3 Qg5 18. Kh2 Qxe3 19. Nxe4 h4 20. Bf3
hxg3+ 21. Kg2 Rh2+ 22. Kxg3 Qh6 23. Nd6+ Kf8 {Time forfeit} 0-1

[Event "Rated Blitz game"]
[Site "?"]
[Date "2021.04.13"]
[Round "?"]
[White "Lucanian"]
[Black "DonCroccante"]
[Result "1/2-1/2"]
[WhiteElo "2432"]
[BlackElo "2310"]
[PlyCount "152"]
[EventDate "2021.??.??"]
[EventType "blitz"]

1. e4 e5 2. Nf3 d5 3. exd5 e4 4. Ng1 Nf6 5. Nc3 Bc5 6. h3 O-O 7. Nge2 Re8 8.
Ng3 Nxd5 9. Be2 Nxc3 10. dxc3 Qh4 11. Qd5 Bb6 12. Qh5 Qxh5 13. Nxh5 Bf5 14. Ng3
Bg6 15. Nf1 f5 16. Be3 Bxe3 17. Nxe3 f4 18. Bc4+ Kh8 19. Nd5 b5 20. Nxc7 bxc4
21. Nxa8 Na6 22. O-O-O Rxa8 23. Rd4 Rc8 24. Rhd1 h5 25. Rd6 Kh7 26. Rxa6 Re8
27. Rad6 e3 28. fxe3 Rxe3 29. R6d2 Rg3 30. Rf1 Be4 31. Rxf4 Bxg2 32. h4 Bf3 33.
b3 Bg4 34. Rdd4 cxb3 35. axb3 Rxc3 36. Kb2 Rh3 37. Rxg4 hxg4 38. Rxg4 Kh6 39.
c4 g6 40. c5 Rh1 41. c6 Re1 42. Kc3 Rc1+ 43. Kb4 Rxc6 44. Kb5 Rf6 45. b4 Kh5
46. Rc4 Rf5+ 47. Ka4 g5 48. Rc8 gxh4 49. Rh8+ Kg4 50. Rg8+ Rg5 51. Rf8 h3 52.
Rd8 Kg3 53. Rd3+ Kh4 54. Rd2 Rg4 55. Rd1 Kg3 56. Rh1 h2 57. Rb1 Kh3 58. Rb3+
Rg3 59. Rb1 Rg1 60. Rb3+ Kh4 61. Rb2 h1=Q 62. Rc2 Qh2 63. Rc5 Qh3 64. Ka5 Qg4
65. Rb5 Kg3 66. Rb7 Qg5+ 67. Rb5 Qg6 68. Rc5 Kg4 69. Rc4+ Kg5 70. Rc3 Kh5 71.
Rc4 Qg5+ 72. Rc5 Kh4 73. Rb5 Kh5 74. Rc5 Kh4 75. Rd5 Qg4 76. Rc5 Qg5 {Normal}
1/2-1/2

[Event "Rated Blitz game"]
[Site "?"]
[Date "2021.04.13"]
[Round "?"]
[White "prakharbajaj"]
[Black "annaly1979"]
[Result "1-0"]
[WhiteElo "2343"]
[BlackElo "2413"]
[PlyCount "89"]
[EventDate "2021.??.??"]
[EventType "blitz"]

1. e4 e5 2. Nf3 d5 3. exd5 e4 4. Qe2 f5 5. d3 Nf6 6. Nc3 Bb4 7. dxe4 Bxc3+ 8.
bxc3 fxe4 9. Nd4 O-O 10. Bg5 c5 11. dxc6 Nxc6 12. Qc4+ Kh8 13. Nxc6 bxc6 14.
Be2 a5 15. Qxc6 Bd7 16. Qd6 Qe8 17. O-O Rc8 18. Rad1 Be6 19. c4 Bxc4 20. Bxc4
Rxc4 21. Rfe1 Rc6 22. Qd4 Re6 23. c4 Qg6 24. Bxf6 Rexf6 25. Rxe4 h6 26. Re2 Rf4
27. Qd5 R8f5 28. Qd8+ Rf8 29. Qd6 Qg4 30. Rde1 Kh7 31. h3 Qc8 32. c5 R4f6 33.
Qd3+ Kh8 34. Rc1 Rc6 35. Qd4 Qf5 36. Re7 Qg5 37. Qe3 Qg6 38. Re1 Rcf6 39. Re6
Qf7 40. Rxf6 Qxf6 41. Qe7 Qxf2+ 42. Kh1 Rf6 43. c6 Rg6 44. Rg1 Qc5 45. Qxc5 {
Normal} 1-0

[Event "Rated Blitz game"]
[Site "?"]
[Date "2021.04.13"]
[Round "?"]
[White "NormWeinstein"]
[Black "Dzon_Vejn"]
[Result "0-1"]
[WhiteElo "2406"]
[BlackElo "2449"]
[PlyCount "98"]
[EventDate "2021.??.??"]
[EventType "blitz"]

1. e4 e5 2. Nf3 d5 3. d4 dxe4 4. Nxe5 Bd6 5. Bf4 Nf6 6. Be2 Nbd7 7. O-O Qe7 8.
f3 Nxe5 9. dxe5 Bxe5 10. Bxe5 Qxe5 11. fxe4 O-O 12. Nc3 Nxe4 13. Nxe4 Qxe4 14.
Bd3 Qb4 15. b3 Bg4 16. Qc1 Bh5 17. Qg5 Bg6 18. Bxg6 hxg6 19. Rad1 Rae8 20. Rd7
Re1 21. Rd1 Rxf1+ 22. Rxf1 Qd4+ 23. Kh1 Re8 24. h3 Re5 25. Qg3 Qe4 26. Kh2 f5
27. Qc3 Re7 28. Qc5 b6 29. Qc3 Kf7 30. Rf3 Qe5+ 31. Qxe5 Rxe5 32. Rd3 Ke7 33.
Kg3 g5 34. Kf3 g6 35. g3 Re6 36. Rd5 Rd6 37. Re5+ Re6 38. Rd5 c6 39. Rd3 Rd6
40. Re3+ Re6 41. Rd3 Rd6 42. Re3+ Kf7 43. c4 Rd4 44. Re2 c5 45. Rc2 Rd3+ 46.
Kf2 f4 47. gxf4 gxf4 48. Kg2 Kf6 49. Re2 f3+ {Normal} 0-1

[Event "Rated Blitz game"]
[Site "?"]
[Date "2021.04.13"]
[Round "?"]
[White "bohuprophecy"]
[Black "DonCroccante"]
[Result "1/2-1/2"]
[WhiteElo "2543"]
[BlackElo "2359"]
[PlyCount "147"]
[EventDate "2021.??.??"]
[EventType "blitz"]

1. e4 e5 2. Nf3 d5 3. Nxe5 Bd6 4. d4 dxe4 5. Bc4 Bxe5 6. dxe5 Qxd1+ 7. Kxd1 Nc6
8. Re1 Bg4+ 9. Be2 O-O-O+ 10. Bd2 Nxe5 11. Nc3 Nf6 12. h3 Bf5 13. Kc1 h6 14.
Bf4 Rhe8 15. b3 Nd3+ 16. Bxd3 exd3 17. Rxe8 Rxe8 18. cxd3 Bxd3 19. Kd2 Ba6 20.
Re1 Rxe1 21. Kxe1 c6 22. Be5 Ne8 23. Ne4 f6 24. Nd6+ Nxd6 25. Bxd6 Kd7 26. Bf8
g6 27. Bxh6 Ke6 28. Be3 b6 29. Bf4 Bd3 30. Kd2 Bb1 31. a4 Be4 32. g3 a6 33. h4
b5 34. Ke3 Bc2 35. axb5 axb5 36. b4 Bb3 37. Bc7 Kf5 38. Bd8 Bf7 39. Be7 g5 40.
hxg5 fxg5 41. f3 g4 42. f4 Bd5 43. Kd4 Be4 44. Bc5 Bd5 45. Kd3 Be4+ 46. Kc3 Bd5
47. Be3 Be4 48. Kd4 Bd5 49. Kc5 Be4 50. Bd4 Bd5 51. Be5 Be4 52. Kd6 Bd5 53. Ke7
Be4 54. Kf7 Bd5+ 55. Kg7 Be4 56. Kh6 Bd5 57. Kg7 Be4 58. Kg8 Bd5+ 59. Kf8 Be4
60. Ke7 Bd5 61. Kd6 Be4 62. Kc5 Bd5 63. Kb6 Be4 64. Kc7 Bd5 65. Kb7 Be4 66. Ka8
Bd5 67. Bc3 Be4 68. Kb7 Bd5 69. Kb6 Be4 70. Kc5 Bd5 71. Kd4 Be4 72. Kc5 Bd5 73.
Kd4 Be4 74. Kc5 {Normal} 1/2-1/2

[Event "Rated Blitz game"]
[Site "?"]
[Date "2021.04.13"]
[Round "?"]
[White "jaci3"]
[Black "Chessbear_163"]
[Result "1-0"]
[WhiteElo "2402"]
[BlackElo "2296"]
[PlyCount "77"]
[EventDate "2021.??.??"]
[EventType "blitz"]

1. e4 e5 2. Nf3 d5 3. exd5 e4 4. Nd4 Qxd5 5. Nb3 Nf6 6. Nc3 Qe5 7. Be2 Bd6 8.
d4 exd3 9. Qxd3 O-O 10. Be3 Bf5 11. Qb5 Bxc2 12. Nd4 Bg6 13. Qxb7 Nbd7 14. Qc6
Rab8 15. Nb3 Nb6 16. g3 Ne4 17. Bf4 Qe7 18. Bxd6 cxd6 19. Nd4 Nxc3 20. Qxc3
Rfc8 21. Qe3 Qb7 22. O-O Re8 23. Qd2 Be4 24. Rfe1 Bd5 25. b3 Nd7 26. Bf1 Ne5
27. Rad1 Bf3 28. Rc1 Rbc8 29. Rxc8 Rxc8 30. Re3 h6 31. Rc3 Bd5 32. Rxc8+ Qxc8
33. Qc2 Qxc2 34. Nxc2 Be4 35. Nd4 Bd3 36. Bxd3 Nxd3 37. Kf1 Nb4 38. a3 Kf8 39.
axb4 {Normal} 1-0

[Event "Rated Blitz game"]
[Site "?"]
[Date "2021.04.12"]
[Round "?"]
[White "tworzyjanek"]
[Black "Chessbear_163"]
[Result "1-0"]
[WhiteElo "2448"]
[BlackElo "2366"]
[PlyCount "39"]
[EventDate "2021.??.??"]
[EventType "blitz"]

1. e4 e5 2. Nf3 d5 3. exd5 e4 4. Ne5 Qxd5 5. Nc4 Nf6 6. Nc3 Qf5 7. Ne3 Qe5 8.
d4 exd3 9. Bxd3 Bb4 10. O-O O-O 11. Nc4 Qe7 12. Qf3 Nc6 13. Bg5 Nd4 14. Qg3 Kh8
15. Nd5 Qd6 16. Bxf6 gxf6 17. Nxb4 Qxb4 18. c3 Qc5 19. cxd4 Qxd4 20. Rad1 {
Normal} 1-0

[Event "Rated Blitz tournament QBP2rB6P"]
[Site "?"]
[Date "2021.04.12"]
[Round "?"]
[White "SannikovGrigoriy"]
[Black "DonCroccante"]
[Result "1-0"]
[WhiteElo "2471"]
[BlackElo "2281"]
[PlyCount "69"]
[EventDate "2021.??.??"]
[EventType "blitz"]

1. e4 e5 2. Nf3 d5 3. Nc3 dxe4 4. Nxe4 f5 5. Nxe5 fxe4 6. Qh5+ g6 7. Nxg6 Nf6
8. Qe5+ Be7 9. Nxh8 Nc6 10. Qg3 Nd4 11. Bc4 Nxc2+ 12. Kd1 Nxa1 13. b3 Qd4 14.
Re1 Bg4+ 15. f3 Bh5 16. Qxc7 Kf8 17. g4 Be8 18. g5 Nd7 19. Qf4+ Kg7 20. Qxe4
Qxe4 21. Rxe4 Bxg5 22. Bb2+ Bf6 23. Re7+ Kf8 24. Bxf6 Nxf6 25. Rxb7 Rd8 26. Nf7
Rd7 27. Rxd7 Bxd7 28. Ne5 Bf5 29. Kc1 Nc2 30. Nc6 a5 31. Nxa5 Nb4 32. a3 Nbd5
33. Nc6 Kf7 34. Nd4 Be6 35. a4 {Time forfeit} 1-0

[Event "Rated Blitz game"]
[Site "?"]
[Date "2021.04.12"]
[Round "?"]
[White "frappeboy"]
[Black "Chessbear_163"]
[Result "1-0"]
[WhiteElo "2484"]
[BlackElo "2329"]
[PlyCount "113"]
[EventDate "2021.??.??"]
[EventType "blitz"]

1. e4 e5 2. Nf3 d5 3. Nxe5 Bd6 4. d4 dxe4 5. Nc4 Nc6 6. Nc3 Bb4 7. Be3 Nf6 8.
Be2 Nd5 9. Qd2 O-O 10. a3 Bxc3 11. bxc3 f5 12. g3 h6 13. h4 a6 14. Bf4 b5 15.
Ne5 Nxe5 16. Bxe5 Be6 17. c4 bxc4 18. Bxc4 c6 19. O-O Qe7 20. Rab1 f4 21. Bxd5
cxd5 22. Bxf4 Bh3 23. Rfe1 Rac8 24. Rb6 Qxa3 25. Kh2 Bf5 26. Bxh6 gxh6 27. Qxh6
Qe7 28. Reb1 Qg7 29. Qd6 Rxc2 30. Rb7 Qxd4 31. Qb6 Qxb6 32. R1xb6 Rxf2+ 33. Kg1
Rc2 34. g4 Bh7 35. Rh6 Rf7 36. Rxf7 Kxf7 37. Rxh7+ Kf6 38. g5+ Ke5 39. g6 e3
40. Re7+ Kf6 41. Rxe3 Kxg6 42. Rd3 Rc5 43. Kg2 Kh5 44. Kg3 Rb5 45. Ra3 Rb3+ 46.
Rxb3 a5 47. Ra3 a4 48. Rxa4 Kh6 49. Rd4 Kg6 50. Rxd5 Kg7 51. Rg5+ Kf7 52. Kg4
Kf8 53. h5 Ke8 54. h6 Kf8 55. h7 Kf7 56. h8=Q Ke6 57. Qh6+ {Time forfeit} 1-0

[Event "Rated Blitz tournament QBP2rB6P"]
[Site "?"]
[Date "2021.04.12"]
[Round "?"]
[White "korbul"]
[Black "babageldi2277"]
[Result "1-0"]
[WhiteElo "2487"]
[BlackElo "2630"]
[PlyCount "127"]
[EventDate "2021.??.??"]
[EventType "blitz"]

1. e4 e5 2. Nf3 d5 3. exd5 e4 4. Qe2 Be7 5. Qxe4 Nf6 6. Qa4+ c6 7. dxc6 O-O 8.
Be2 Nxc6 9. O-O Re8 10. d4 Bd6 11. Bd3 Bd7 12. Qb3 Na5 13. Qc3 Bc6 14. Ne5 Bd5
15. Bg5 Nc6 16. Nxc6 Bxc6 17. h3 h6 18. Bh4 a6 19. Nd2 Rc8 20. Nc4 Bd5 21. Nxd6
Rxc3 22. Nxe8 Rxd3 23. Nxf6+ gxf6 24. cxd3 Qb6 25. Rfe1 Qxd4 26. Bg3 Qxb2 27.
a4 Qd4 28. a5 Kg7 29. Rac1 Qxd3 30. Bc7 Qg6 31. Bg3 Qg5 32. Kh2 h5 33. h4 Qf5
34. Red1 Bc6 35. Ra1 Qg4 36. f3 Qf5 37. Rd6 Qc2 38. Kh1 Qc3 39. Rad1 Qxa5 40.
Rd8 Qc5 41. Rb8 a5 42. Rdd8 Kg6 43. Rh8 Qc3 44. Rbg8+ Kf5 45. Rxh5+ Ke6 46. Ra8
a4 47. Kh2 Qc2 48. Kh3 Qc1 49. Kh2 a3 50. Rha5 b6 51. Rxa3 Bxa8 52. Rxa8 b5 53.
Ra6+ Kf5 54. Rb6 Qc4 55. h5 b4 56. Kh3 Kg5 57. Rb8 b3 58. Rg8+ Kf5 59. h6 b2
60. h7 b1=Q 61. h8=Q Qh1+ 62. Bh2 Qxh2+ 63. Kxh2 Qf4+ 64. Kh3 {Time forfeit}
1-0

[Event "Rated Blitz game"]
[Site "?"]
[Date "2021.04.12"]
[Round "?"]
[White "puzzles_125"]
[Black "Dzon_Vejn"]
[Result "1/2-1/2"]
[WhiteElo "2413"]
[BlackElo "2432"]
[PlyCount "138"]
[EventDate "2021.??.??"]
[EventType "blitz"]

1. e4 e5 2. Nf3 d5 3. Nxe5 Bd6 4. d4 dxe4 5. Be2 Bxe5 6. dxe5 Qxd1+ 7. Bxd1 Nc6
8. Nc3 Bf5 9. Bf4 Nge7 10. e6 O-O-O 11. exf7 Ng6 12. Be3 Rhf8 13. O-O Rxf7 14.
Be2 Nge5 15. h3 h6 16. Rfd1 Rfd7 17. Kf1 Nb4 18. Rxd7 Rxd7 19. Rc1 a6 20. a3
Nbc6 21. Ke1 Nd4 22. Bd1 c5 23. Ne2 b5 24. Ng3 Bh7 25. Be2 Kb7 26. b4 cxb4 27.
axb4 Nxe2 28. Kxe2 Nc4 29. c3 Rd3 30. Nf1 Kc6 31. Nd2 Nxd2 32. Bxd2 Bg8 33. Be3
Bc4 34. Ke1 Kb7 35. Bd4 g6 36. Rc2 h5 37. Re2 Rxd4 38. cxd4 Bxe2 39. Kxe2 Kb6
40. Ke3 a5 41. bxa5+ Kxa5 42. Kxe4 b4 43. Kd3 Kb5 44. g4 hxg4 45. hxg4 b3 46.
f4 b2 47. Kc2 Kc4 48. f5 gxf5 49. gxf5 Kd5 50. Kxb2 Kd6 51. Kc3 Kd5 52. Kd3 Kd6
53. Ke4 Ke7 54. d5 Kf7 55. d6 Kf6 56. d7 Ke7 57. Ke5 Kxd7 58. Kf6 Ke8 59. Kg7
Ke7 60. f6+ Ke8 61. f7+ Kd7 62. f8=Q Kc6 63. Kf6 Kb7 64. Qc5 Ka6 65. Ke6 Kb7
66. Kd7 Kb8 67. Qc7+ Ka8 68. Qc2 Kb8 69. Qb2+ Ka7 {Time forfeit} 1/2-1/2

[Event "Rated Blitz tournament cfg9889A"]
[Site "?"]
[Date "2021.04.12"]
[Round "?"]
[White "COVID24"]
[Black "championdemala"]
[Result "1/2-1/2"]
[WhiteElo "2424"]
[BlackElo "2217"]
[PlyCount "106"]
[EventDate "2021.??.??"]
[EventType "blitz"]

1. e4 e5 2. Nf3 d5 3. Nxe5 Bd6 4. d4 dxe4 5. Nc4 Nc6 6. Nxd6+ Qxd6 7. d5 Ne5 8.
Be2 Nf6 9. c4 O-O 10. Nc3 Bf5 11. O-O Rfe8 12. Be3 Neg4 13. g3 Nxe3 14. fxe3
Bg6 15. Qd4 a6 16. c5 Qe5 17. Qxe5 Rxe5 18. Rad1 Rd8 19. Rd4 Kf8 20. Rfd1 Bf5
21. b4 h5 22. Kg2 g6 23. h3 Rde8 24. a4 Bc8 25. b5 axb5 26. axb5 c6 27. bxc6
bxc6 28. Bc4 cxd5 29. Nxd5 Nxd5 30. Bxd5 Be6 31. c6 Bxd5 32. Rxd5 Rxd5 33. Rxd5
Rc8 34. Rc5 Ke7 35. Rc4 f5 36. g4 hxg4 37. hxg4 Kd6 38. gxf5 gxf5 39. Kg3 Kd5
40. Rc1 Ke5 41. c7 Rg8+ 42. Kh4 Rc8 43. Kg5 Rg8+ 44. Kh6 Rc8 45. Kg7 f4 46.
exf4+ Kxf4 47. Kf6 e3 48. Ke6 e2 49. Kd7 Rxc7+ 50. Kxc7 Ke3 51. Kd6 Kd2 52. Ra1
e1=Q 53. Rxe1 Kxe1 {Normal} 1/2-1/2